| 000 | 00738nam a2200217Ia 4500 | ||
|---|---|---|---|
| 003 | GCL | ||
| 008 | 140319s9999 xx 000 0 ara d | ||
| 040 |
_aGCL / _cGCL |
||
| 082 | 0 | 4 |
_a791.43 _bو س |
| 100 | 1 | _aوائل عبدالفتاح | |
| 245 | 1 | 0 |
_aسمير فريد مغامرة النقد / _cوائل عبدالفتاح |
| 250 | _aالاولى | ||
| 260 |
_aالقاهرة : _bوزارة الثقافة - صندوق التنمية الثقافية ، _c2005 |
||
| 300 |
_a117ص ؛ _c20سم |
||
| 650 | 0 | 4 | _aالسينما |
| 650 | 0 | 4 | _aالسينمائيون المصريون |
| 650 | 0 | 4 | _aالسينما - تراجم |
| 650 | 0 | 4 | _aسمير فريد |
| 650 | 0 | 4 | _aالناقدون السينمائيون |
| 942 |
_2ddc _cBK |
||
| 999 |
_c7832 _d7832 |
||